00704nam a2200157Ia 4500082001200000100002800012245014700040260006300187300000800250504004100258650005500299650004700354650005300401650005200454710004000506 aRS.0609 aSolanki, Chandra Prabha 0aSocial mobilization and social justiceb: a study of participation of women in panchayati raj institutions in Meerut district of Uttar Pradesh c2003bIndian Council of Social Science Research, New Delhi a200 aincludes appendices and bibliography aWomen in politicszMeerut District (Uttar Pradesh) aPanchayatzMeerut District (Uttar Pradesh) aSocial mobilityzMeerut District (Uttar Pradesh) aSocial justicezMeerut District (Uttar Pradesh) aIndian Research Association, Meerut